[Event "Hokkaido Chess Championship 2025"]
[Site "?"]
[Date "2025.03.22"]
[Round "2.1"]
[White "Dryglas, Maciej"]
[Black "kuramoto, koutarou"]
[Result "1-0"]
[WhiteElo "2135"]
[BlackElo "1757"]
[Annotator "Fritz 11 SE (30s)"]
[PlyCount "65"]
[EventDate "2025.03.22"]
[EventRounds "5"]
[EventCountry "JPN"]

{A00: Irregular Openings} 1. Nc3 g6 2. h4 d5 (2... h5 3. e4 (3. d4 d5 4. Bg5
Bg7 5. Qd2 c6 6. O-O-O Nh6 7. e4 dxe4 8. Nxe4 Nf5 9. Ne2 Nd7 10. N2g3 Nb6 11.
Nxf5 Bxf5 12. Nc3 Qd6 13. Qe3 e6 14. f3 Nd5 15. Nxd5 Qxd5 16. Be2 e5 17. Qa3
Bf8 {Grafl,F (2379)-Kjartansson,D (2348) Rhodes 2013 1/2-1/2 (40)}) 3... Bg7 4.
d4 d6 5. Bg5 a6 6. a4 Nc6 7. Nge2 Nf6 8. f3 Nh7 9. Be3 O-O 10. Qd2 e5 11. d5
Ne7 12. Nc1 f5 13. Be2 Kh8 14. a5 Ng8 15. Nb3 Ngf6 16. exf5 gxf5 17. Bg5 {
Euler,G (2365)-Hickl,J (2565) Germany 1998 1/2-1/2 (61)}) 3. h5 e5 $146 (3...
d4 4. hxg6 fxg6 5. Ne4 Nf6 (5... Qd5 6. d3 Nf6 7. c4 Qf5 8. Nf3 Nc6 9. Neg5 Bg7
10. g3 Qc5 11. a3 a5 12. Qa4 e5 13. Bg2 O-O 14. Qb5 Qe7 15. Nh4 e4 16. Nxe4
Nxe4 17. Bxe4 Ne5 18. O-O c6 19. Qb3 Bh3 20. Bg2 {Spice,A (2210)-Fauland,A 
(2435) Bratislava 1996 0-1 (46)}) 6. Nxf6+ exf6 7. c3 c5 8. d3 Nc6 9. e4 Qb6
10. Ne2 Bg4 11. f3 Be6 12. Nf4 Bf7 13. Nd5 Bxd5 14. exd5 Ne7 15. c4 O-O-O 16.
Qb3 Qc7 17. Bd2 Qg3+ 18. Ke2 {Soetewey,S (2229)-Vandenbussche,T (2157) Belgium
2004 0-1}) (3... Nf6 4. hxg6 fxg6 5. d4 $11) 4. d4 e4 {This push gains space}
5. hxg6 fxg6 6. Bf4 Bd6 {Black threatens to win material: Bd6xf4} (6... Bg7 7.
Nh3 $14) 7. Nxd5 $16 Be6 8. Bxd6 Qxd6 9. Nc3 {White threatens to win material:
Nc3xe4} Nf6 10. Qd2 {White has a cramped position. White's piece can't move: f1
} Nc6 {Black threatens to win material: Nc6xd4} 11. O-O-O {White has a cramped
position. White's piece can't move: f1} Nb4 12. a3 a5 (12... Nbd5 13. e3 $16)
13. Qg5 (13. Nh3 $142 $16) 13... Nfd5 $4 {cause more grief} (13... Nbd5 $142
14. Nxd5 Nxd5 $16) 14. Nxe4 $18 (14. axb4 $6 Nxc3 15. bxc3 axb4 16. Qb5+ Kf7
17. Qxb4 Ra1+ 18. Kd2 Qf4+ 19. e3 Qxf2+ 20. Ne2 Rxd1+ 21. Kxd1 Ra8 $18) 14...
Qc6 (14... Na2+ 15. Kb1 Qb6 16. Rd3 $18 (16. Kxa2 {is a bad alternative} Nc3+
17. Ka1 Nxd1 $17)) 15. Nc5 (15. axb4 {seems even better} axb4 16. Nf3 b3 $18)
15... b6 (15... Na2+ 16. Kb1 O-O 17. Nf3 $18 (17. Kxa2 $6 {is impossible} Nc3+
18. Ka1 Nxd1 $11)) 16. Qe5 Ke7 17. Qxe6+ Qxe6 18. Nxe6 Kxe6 19. e4 (19. axb4 {
keeps an even firmer grip} axb4 20. e4 Nf6 21. Bc4+ Kd7 $18) 19... Na2+ (19...
Nf6 {does not save the day} 20. axb4 axb4 21. Bc4+ Ke7 22. f3 $18) 20. Kd2 Nf4
(20... Nf6 {cannot change destiny} 21. Bc4+ Ke7 22. e5 $18) 21. g3 Nh5 22. Bc4+
Kd6 (22... Ke7 {cannot undo what has already been done} 23. Bxa2 Raf8 24. Ke2
$18) 23. Bxa2 Rhf8 (23... Rae8 {is no salvation} 24. e5+ Kc6 25. Ne2 $18) 24.
Ke3 (24. e5+ $142 {and White can already relax} Kc6 25. g4 Nf4 26. Rxh7 Rac8
$18) 24... Nf6 (24... Rae8 {is not much help} 25. Ne2 $18) 25. e5+ Ke7 (25...
Kc6 {does not help much} 26. exf6 Rae8+ 27. Kd3 Rxf6 28. f4 $18) 26. exf6+ Kxf6
27. Nf3 (27. Rxh7 $142 {makes it even easier for White} Rae8+ 28. Kd3 c5 $18)
27... Rae8+ 28. Ne5 Re7 (28... Kg7 {cannot change what is in store for White}
29. Bd5 $18) 29. f4 c5 30. d5 Rfe8 31. d6 Rxe5+ 32. fxe5+ Rxe5+ (32... Kg7 {
doesn't get the bull off the ice} 33. d7 Rd8 34. e6 Kf6 35. Rhf1+ Kg5 36. e7
Rb8 37. d8=Q Kg4 38. Rh1 c4 39. Rd4+ Kg5 40. e8=Q+ Rxd8 41. Qe5#) 33. Kf3 (33.
Kf3 b5 34. d7 Kg7 35. d8=Q Rf5+ 36. Kg4 c4 37. Rd7+ Rf7 38. Rxh7+ Kxh7 39.
Rxf7+ Kh6 40. Qg5#) 1-0

[Event "Hokkaido Chess Championship 2025"]
[Site "?"]
[Date "2025.03.22"]
[Round "2.2"]
[White "Kawamura, Takuto"]
[Black "Sugimoto, Koichi"]
[Result "1-0"]
[WhiteElo "1745"]
[BlackElo "1908"]
[Annotator "Fritz 11 SE (30s)"]
[PlyCount "59"]
[EventDate "2025.03.22"]
[EventRounds "5"]
[EventCountry "JPN"]

{D11: Slav Defence: 3 Nf3 sidelines and 3...Nf6 4 e3 Bg4} 1. d4 d5 2. c4 c6 3.
Nf3 Nf6 4. Qc2 g6 5. g3 Bg7 6. Bg2 O-O 7. O-O Bf5 8. Qb3 {White threatens to
win material: Qb3xb7} Qc8 $146 (8... Qb6 9. c5 (9. Qxb6 axb6 10. cxd5 Bxb1 11.
Rxb1 cxd5 12. a3 Nc6 13. e3 Na5 14. Bd2 Rfc8 15. Bb4 e6 16. Rfc1 Nb3 17. Rc3
Na5 18. Bxa5 bxa5 19. Rbc1 Rxc3 20. Rxc3 Ne4 21. Rc7 Rb8 22. Bf1 b5 23. Bd3 Nd6
{Andre,M (2200)-Teixeira,R (2330) Brazil 1996 0-1 (54)}) 9... Qc7 (9... Qa6 10.
Nc3 Nbd7 11. Bf4 Ne4 12. Rfe1 Rfe8 13. Bf1 b6 14. cxb6 Qxb6 15. Red1 e6 16.
Rac1 c5 17. Nxe4 Bxe4 18. Qa4 Qd8 19. Bg5 f6 20. Be3 Nb6 21. Qb3 Nc4 22. dxc5
Rb8 23. Qxc4 dxc4 24. Rxd8 {Kiselev,S (2510)-Rublevsky,S (2420) Moscow 1991
1-0 (57)}) 10. Nc3 Nbd7 11. Bf4 Qc8 12. Rac1 b6 13. cxb6 axb6 14. Ne5 Qb7 15.
Nxc6 Qxc6 16. Nxd5 Qe6 17. Rc6 Qxe2 18. Bf3 Qa6 19. Nxe7+ Kh8 20. Nxf5 gxf5 21.
a3 Qa4 22. Qd3 Ne4 23. Bxe4 {Valiente,C (2233)-Franco Ocampos,Z (2490)
Asuncion 2014 1-0 (51)}) (8... Bxb1 9. Rxb1 Qb6 10. Qc2 a5 11. b3 e6 12. Bd2
Ne4 13. Be3 Nd7 14. Ne1 f5 15. Nd3 Qa7 16. c5 e5 17. dxe5 Nxe5 18. Rbc1 Rae8
19. Bd4 Nxd3 20. Qxd3 Bxd4 21. Qxd4 Qa6 22. Rfe1 Qb5 23. e3 {Predein,V (2402)
-Gavryushin,O (2335) Kurgan 2001 1-0 (51)}) (8... Qb6 9. Nc3 $11) 9. Nc3 $14
dxc4 10. Qxc4 Nbd7 11. Nh4 (11. Re1 Ne4 $11) 11... Be6 $11 {Black threatens to
win material: Be6xc4} 12. Qd3 Nb6 13. Rd1 Rd8 14. b3 {Secures a4+c4} (14. Nf3
c5 $11) 14... a5 (14... c5 15. e3 $15) 15. Ba3 $11 {White threatens to win
material: Ba3xe7} Qc7 (15... Nfd5 16. Nxd5 Nxd5 17. Qd2 $11) 16. e4 Ng4 (16...
a4 17. Qc2 $14) 17. Bc5 (17. Ne2 c5 18. h3 Bxd4 19. Nxd4 Rxd4 $16) 17... Nc8 (
17... Nd7 18. Ba3 Nb6 19. Ne2 $14) 18. Ne2 (18. Nf3 b6 19. Ba3 a4 $16) 18... b6
{Black threatens to win material: b6xc5} (18... a4 19. h3 Ne5 20. Qc2 $11) 19.
Ba3 $14 a4 20. Qc2 (20. h3 $5 Nh6 21. g4 $16) 20... axb3 {Black forks: a2+c2} (
20... Nd6 21. Bxd6 exd6 22. bxa4 $11) 21. axb3 {White has an active position.}
Na7 22. Bb2 Nb5 {[%cal Rb5d4,Rd8d4,Rg7d4,Gb2d4,Gd1d4,Ge2d4] The pressure on d4
grows} 23. Rxa8 Rxa8 24. Ra1 (24. Nf4 $142 $5 {is worthy of consideration} Bd7
25. Nf3 $14) 24... Rxa1+ $17 25. Bxa1 Qa7 26. Bb2 Qa2 {[%cal Ra2b3,Re6b3,Gc2b3]
The isolani on b3 becomes a target. Black threatens to win material: Qa2xb3}
27. Nc1 $2 (27. Nf3 $142 Qxb3 28. Qxb3 Bxb3 29. e5 $17) 27... Qa8 $4 {hands
over the advantage to the opponent} (27... Nxd4 $142 {the advantage is on the
side of Black} 28. Nxa2 Nxc2 29. Bxg7 Kxg7 $19) 28. e5 $11 {White gains space}
Bd5 $4 (28... Qd8 $142 {the only rescuing move} 29. Ne2 Bd5 $14) 29. Bxd5 $18
cxd5 30. Qe2 (30. Qe2 Nxf2 31. Kxf2 $18) 1-0

[Event "Hokkaido Chess Championship 2025"]
[Site "?"]
[Date "2025.03.22"]
[Round "2.3"]
[White "Honda, Yoshiki"]
[Black "Aoki, Yasuhiro"]
[Result "1/2-1/2"]
[WhiteElo "1828"]
[BlackElo "1731"]
[Annotator "Fritz 11 SE (30s)"]
[PlyCount "54"]
[EventDate "2025.03.22"]
[EventRounds "5"]
[EventCountry "JPN"]

{B54: Sicilian: 2...d6 3 d4 cxd4 4 Nxd4, Unusual Lines} 1. e4 d6 2. c4 Nf6 3.
Nc3 c5 4. Nf3 Nc6 5. d4 cxd4 6. Nxd4 e6 7. Nxc6 (7. g3 Be7 8. Bg2 Bd7 9. O-O
O-O 10. b3 a6 11. Bb2 Qa5 12. a4 Rfd8 13. Nc2 Qb6 14. Ne3 Be8 15. Rb1 Rac8 16.
Ba1 Nb4 17. Qe2 Qc5 18. Kh1 Qh5 19. g4 Qc5 20. Rbc1 h6 21. Bb2 Qa5 {Ankerst,M 
(2355)-Martinovic,S (2448) Austria 2000 0-1 (34)}) 7... bxc6 8. e5 $146 (8. Bd3
Be7 9. O-O O-O 10. b3 Qc7 11. Bb2 Bb7 12. Kh1 d5 13. cxd5 cxd5 14. Rc1 Qf4 15.
exd5 Ng4 16. g3 Nxf2+ 17. Rxf2 Qxf2 18. Rc2 Qe3 19. Re2 Qg5 20. Bb1 Qh5 21. Qd3
Rac8 22. Re5 Qh3 {Vukanovic,S (2350)-Herman,M (2380) Dos Hermanas 2004 0-1 (33)
}) (8. Be2 $5 $11 {must be considered}) 8... dxe5 $15 9. Qxd8+ Kxd8 {Black
loses the right to castle} 10. Bg5 (10. Be3 h5 $15) 10... Be7 (10... Kc7 11.
Bd3 $17) 11. O-O-O+ $15 Kc7 12. f3 {Controls e4+g4} h6 {Black threatens to win
material: h6xg5} 13. Bh4 Bc5 14. Kc2 a5 15. Bxf6 (15. Bg3 $5 {should be
investigated more closely} Nd7 16. Na4 $11) 15... gxf6 $17 16. Ne4 Be7 17. c5
Ba6 (17... a4 18. Kc3 $17) 18. Nd6 Bxd6 19. Rxd6 Rhd8 (19... Bxf1 20. Rxf1 Rad8
21. Rxd8 Rxd8 22. a3 $17) 20. Bxa6 Rxa6 21. Rxd8 {White has a mate threat} Kxd8
{A rook endgame occured} 22. Re1 Kc7 (22... a4 23. Re4 $15) 23. Re4 $11 Ra8 24.
Rh4 Rh8 25. Ra4 {White threatens to win material: Ra4xa5} Ra8 26. Rh4 Rh8 {
Twofold repetition} 27. Ra4 Ra8 1/2-1/2

[Event "Hokkaido Chess Championship 2025"]
[Site "?"]
[Date "2025.03.22"]
[Round "2.4"]
[White "Miyatani, Ryouhei"]
[Black "Etabag, John Vincent"]
[Result "0-1"]
[WhiteElo "1672"]
[BlackElo "1821"]
[Annotator "Fritz 11 SE (30s)"]
[PlyCount "88"]
[EventDate "2025.03.22"]
[EventRounds "5"]
[EventCountry "JPN"]

{B47: Sicilian: Taimanov: 5 Nc3 Qc7 6 f4, 6 g3 and 6 Be2} 1. e4 c5 2. Nf3 e6 3.
d4 cxd4 4. Nxd4 Nc6 5. Nc3 Qc7 6. g3 a6 7. Bg2 Nf6 8. O-O Be7 9. Re1 Nxd4 10.
Qxd4 d6 11. Be3 {Black has a cramped position} (11. e5 dxe5 12. Rxe5 O-O 13.
Bf4 Ne8 14. Rd1 Bd6 15. Re3 Bxf4 16. gxf4 Rb8 17. Na4 b5 18. Rc3 Qd7 19. Qxd7
Bxd7 20. Nc5 Bc8 21. b4 Rb6 22. Rcd3 Nf6 23. Rd8 Nd5 24. Rxf8+ Kxf8 25. Bxd5
exd5 {Lin,C (2483)-Wang,C (2513) China 2014 1/2-1/2}) 11... O-O $146 (11... Bd7
12. Qb6 (12. a4 O-O (12... Bc6 13. a5 O-O 14. Qd2 Nd7 15. Na4 Rae8 16. Nb6 f5
17. Nxd7 Qxd7 18. Bb6 fxe4 19. Bxe4 Bf6 20. Rad1 Bxe4 21. Rxe4 Qc6 22. Rb4 d5
23. Be3 Rf7 24. c3 Bd8 25. Bb6 Be7 26. Rd4 Bf6 27. Rd3 {Gruenfeld,Y (2475)-Lau,
R (2410) Beersheba 1985 1-0 (44)}) 13. Qb4 Bc6 14. Bb6 Qd7 15. Qd4 Qc8 16. Nd5
exd5 17. exd5 Nxd5 18. Bxd5 Bf6 19. Qd3 Bxd5 20. Qxd5 Bxb2 21. Rab1 Bf6 22.
Qxd6 Qxc2 23. a5 Qf5 24. Qc7 Rac8 25. Qxb7 Bc3 {1/2-1/2 (25) Sulek,V (2221)
-Machalova,V (2156) Bratislava 2004}) 12... Qxb6 13. Bxb6 Rc8 14. a4 Bc6 15. a5
h5 16. h3 g5 17. Bd4 Rg8 18. Na2 Bb5 19. Nc3 Bc6 20. Ra3 Nd7 21. Nd5 Bxd5 22.
exd5 e5 23. Rc3 Rxc3 24. Bxc3 f5 25. g4 fxg4 26. hxg4 {Votava,J (2400)-Kozlov,
O (2405) Litomysl 1994 1-0 (61)}) 12. Na4 (12. Qb4 Re8 $14) 12... Nd7 (12...
Qxc2 13. Rac1 e5 14. Qb4 $18 (14. Rxc2 $6 exd4 15. Bxd4 Bd8 $16)) 13. Qc3 Qxc3
14. Nxc3 b5 15. Red1 Bb7 16. Ne2 Rac8 17. c3 Nf6 {Black threatens to win
material: Nf6xe4} 18. e5 {White threatens to win material: e5xf6. White forks:
d6+f6} Nd5 19. exd6 Bxd6 20. Nf4 Bxf4 21. Bxf4 {White has the pair of bishops}
Ba8 22. Be3 Nxe3 23. fxe3 Bxg2 24. Kxg2 {A double rook endgame occured} Rfd8
25. Kf3 Kf8 26. Rac1 Ke7 27. h4 h5 28. a3 f6 29. Kf4 g6 30. Kf3 e5 31. Rxd8
Rxd8 32. Rc2 Ke6 33. c4 bxc4 34. Rxc4 Kd5 35. Rc7 Rb8 36. b4 Rb6 37. Rc5+ Kd6
38. g4 hxg4+ 39. Kxg4 Ke6 40. h5 gxh5+ 41. Kxh5 Kf5 42. Rc4 Ke6 43. Kg4 Kd5 {
Black threatens to win material: Kd5xc4} 44. Kf5 $4 (44. Rc3 $142 {was
necessary} Ke4 45. Kh5 $11) 44... Kxc4 $19 0-1

[Event "Hokkaido Chess Championship 2025"]
[Site "?"]
[Date "2025.03.22"]
[Round "2.5"]
[White "Yoshii, Yukihiko"]
[Black "Takeuchi, Hiroshi"]
[Result "1-0"]
[WhiteElo "1771"]
[BlackElo "1629"]
[Annotator "Fritz 11 SE (30s)"]
[PlyCount "81"]
[EventDate "2025.03.22"]
[EventRounds "5"]
[EventCountry "JPN"]

{D35: Queen's Gambit Declined: Exchange Variation} 1. c4 Nf6 2. Nc3 e6 3. d4 d5
4. cxd5 exd5 5. Bg5 Be7 6. Nf3 Nc6 $146 (6... c6 7. Bxf6 Bxf6 8. b4 Bg4 9. e3
Bxf3 10. gxf3 Nd7 11. Be2 Be7 12. Qb3 Bd6 13. e4 dxe4 14. fxe4 Qb6 15. Rd1 Qxb4
16. Qc2 Nb6 17. Kf1 Rd8 18. Rg1 Bxh2 19. Rg2 Bc7 20. a3 Qe7 21. e5 {Reshevsky,
S (2490)-Donner,J (2470) Amsterdam 1977 1/2-1/2 (57)}) (6... O-O 7. Qc2 h6 8.
Bf4 c6 9. e3 b6 10. Ne5 Nh5 11. Bg3 Bd6 12. O-O-O b5 13. Bd3 Nf6 14. Bh4 Be7
15. Kb1 Nfd7 16. Bxe7 Qxe7 17. Nxc6 Qd6 18. Nxb8 Rxb8 19. Nxb5 Qb4 20. Qb3 Qa5
21. a4 {Agopov,M (2409)-Sammalvuo,N (2237) Myyrmanni 1999 1-0 (44)}) (6... Nbd7
7. e3 Nf8 8. Ne5 c6 9. Bd3 Ne6 10. Bh4 g6 11. O-O Ng7 12. h3 Bf5 13. Rb1 Bxd3
14. Qxd3 a5 15. a3 Nf5 16. Bg5 h6 17. Bf4 a4 18. Qc2 Qa5 19. Rfc1 Kf8 20. b4
axb3 21. Rxb3 {Drozd,R (2280)-Sydor,A (2390) Tarnow 1979 1-0 (55)}) (6... h6 7.
Bf4 O-O 8. e3 b6 9. Be2 Bb7 10. O-O Nbd7 11. Nb5 Ne8 12. Rc1 c5 13. dxc5 bxc5
14. b4 c4 15. Nbd4 Bd6 16. Nf5 Bxf4 17. exf4 Qf6 18. Ne3 Nb6 19. Qd4 Qe7 20.
Ne5 Nc7 21. Qc5 {Bukal,V (2400)-Abramovic,B (2475) Pula 1983 1-0 (35)}) 7. e3 {
Black has an active position} h6 {Black threatens to win material: h6xg5} 8.
Bh4 g5 (8... O-O 9. Bb5 $11) 9. Bg3 $14 {Black has an active position} Bd6 (
9... O-O 10. Bd3 $14) 10. Bb5 Bxg3 (10... Bg4 11. Qc2 $16) 11. Bxc6+ (11. hxg3
Bd7 $16) 11... bxc6 12. hxg3 Bg4 (12... Rb8 13. Nxg5 Rxb2 14. Rb1 Rxb1 15. Qxb1
$16) 13. Qc2 (13. Qa4 Bxf3 14. Qxc6+ Kf8 15. gxf3 Kg7 $16) 13... Bxf3 14. gxf3
Qd7 (14... Nd7 15. O-O-O $16) 15. Na4 Kf8 16. Nc5 Qe7 (16... Qd6 17. Rc1 $18)
17. Qf5 (17. Na6 $5 g4 $18) 17... Kg7 $16 18. Ke2 Rae8 19. Rh2 (19. Rac1 Qd6
$16) 19... g4 (19... Ng8 $5 $16) 20. fxg4 $18 Ne4 21. Nxe4 Qxe4 22. Qxe4 Rxe4
23. f3 Re6 24. Kd3 Rhe8 25. Re1 Kg6 26. Rh5 Rb8 27. b3 a5 28. e4 (28. Reh1 Kg7
29. g5 hxg5 30. Rxg5+ Kf6 $18) 28... a4 $16 29. Rb1 (29. bxa4 $5 Ra8 30. Reh1
dxe4+ 31. fxe4 Rxa4 32. Rxh6+ Kg5 33. Rxe6 fxe6 34. Rh7 Ra3+ 35. Kc4 $18) 29...
dxe4+ $14 30. fxe4 axb3 31. Rxb3 Rxb3+ (31... Rbe8 $142 $5 $14 {should not be
overlooked}) 32. axb3 $16 Re8 33. Rc5 Re6 34. b4 Rf6 (34... Kg7 35. g5 $16) 35.
Rf5 $18 Rxf5 $4 {Black falls apart} (35... Re6 $18) 36. gxf5+ Kg5 37. Ke3 (37.
Kc4 $142 {secures the point} h5 38. Kc5 Kg4 $18) 37... Kg4 38. Kf2 h5 (38...
Kg5 {there is nothing better in the position} 39. Kf3 h5 $18) 39. f6 Kg5 40. e5
Kg4 41. e6 $1 {finishing the game. . . .} (41. e6 fxe6 42. f7 Kf5 43. Ke3 Kg6
44. f8=Q h4 45. gxh4 e5 46. h5+ Kh7 47. Qf7+ Kh8 48. dxe5 c5 49. h6 cxb4 50.
Qg7#) 1-0

[Event "Hokkaido Chess Championship 2025"]
[Site "?"]
[Date "2025.03.22"]
[Round "2.6"]
[White "Ono, Yukiko"]
[Black "Nakamura, Mitsuru"]
[Result "0-1"]
[WhiteElo "1000"]
[BlackElo "1603"]
[Annotator "Fritz 11 SE (30s)"]
[PlyCount "54"]
[EventDate "2025.03.22"]
[EventRounds "5"]
[EventCountry "JPN"]

{D02: 1 d4 d5 2 Nf3 sidelines, including 2...Nf6 3 g3 and 2...Nf6 3 Bf4} 1. d4
d5 2. Bf4 Bf5 3. Nf3 Nf6 4. e3 e6 5. Nbd2 Bd6 6. c3 (6. Bg3 c5 7. dxc5 Bxc5 8.
Bxb8 Rxb8 9. Bb5+ Ke7 10. Bd3 Bg6 11. Qe2 Qb6 12. Rb1 Rhd8 13. O-O Rbc8 14.
Rfc1 a5 15. a3 a4 16. Bxg6 hxg6 17. c4 Qa6 18. Kf1 d4 19. exd4 Bxd4 20. b4 axb3
{Cyborowski,L (2450)-Miladinovic,I (2519) Ohrid 2001 1-0 (39)}) 6... Bxf4 $146
(6... O-O 7. Qb3 Bxf4 8. exf4 c5 9. Be2 Qc7 10. g3 Ne4 11. Nxe4 dxe4 12. Nh4
cxd4 13. Nxf5 exf5 14. cxd4 Nc6 15. Rd1 Rfd8 16. d5 Qa5+ 17. Kf1 Nb4 18. a3
Nxd5 19. Bc4 Nf6 20. Bxf7+ Kh8 21. Kg2 {Labeckas,K (2348)-Bastys,R (2236)
Vilnius 2014 1/2-1/2 (31)}) 7. exf4 O-O {Black castles and improves king safety
} 8. Qe2 (8. Be2 Nbd7 $11) 8... h6 {Prevents intrusion on g5} (8... Nbd7 9. Qd1
$15) 9. h3 {Consolidates g4} c6 10. Ne5 Nbd7 11. Nxd7 (11. Qe3 Qb6 12. b3 c5
$15) 11... Qxd7 (11... Nxd7 12. Qe3 $15) 12. f3 {Controls e4} (12. g4 Bg6 $11)
12... Qc7 13. g3 Qb6 {Black threatens to win material: Qb6xb2} 14. O-O-O (14.
Nb3 Nd7 $17) 14... Rac8 (14... Qa5 $5 15. a3 Qa4 $17) 15. g4 $15 {White
threatens to win material: g4xf5} Bh7 16. Bg2 $2 (16. Nb3 $142 $5 $15 {would
keep White alive}) 16... c5 (16... Qa5 $142 17. a3 Qa4 $19) 17. f5 $4 {an
oversight. But White was lost anyway.} (17. Nb3 c4 18. Na1 Qa5 $17) 17... exf5
(17... cxd4 $142 {seems even better} 18. Nb1 dxc3 19. bxc3 exf5 20. Qb2 $19)
18. gxf5 $4 {White crumbles in face of a dire situation} (18. dxc5 Qa5 19. a3
$19) 18... Bxf5 (18... cxd4 $5 {makes it even easier for Black} 19. Qf2 dxc3
20. Qxb6 cxd2+ 21. Kxd2 axb6 22. Bf1 Bxf5 23. Bd3 Bxd3 24. Kxd3 $19) 19. Nb3 (
19. dxc5 {cannot change what is in store for White} Qa5 20. Qe5 Bg6 $19) 19...
Rfe8 20. Qd2 (20. Qf1 {does not improve anything} cxd4 21. Rxd4 $19) 20... c4 (
20... Qa6 $142 {secures the point} 21. a3 Re2 22. Bf1 Rxd2 23. Bxa6 Rc2+ 24.
Kb1 bxa6 25. dxc5 Rxc3+ 26. Ka2 $19) 21. Nc5 $6 {not the greatest defence} (21.
Na1 Qa5 22. a3 Qc7 $19) 21... Qc6 (21... Qb5 {might be the shorter path} 22.
Bf1 b6 23. Qf4 $19) 22. Rde1 (22. Rhe1 b6 23. Na6 Qa4 $19) 22... b6 23. Na6 Bd3
$4 {hands over the advantage to the opponent} (23... Qa4 $142 {keeps an even
firmer grip} 24. Nb4 a5 $19) 24. Rxe8+ (24. Nb4 Qd6 $17) 24... Rxe8 (24... Nxe8
$6 25. Nb4 Qd6 26. Nxd3 cxd3 27. f4 $17) 25. Re1 (25. Nb4 $142 $5 Qa4 26. Qd1
Qxd1+ 27. Rxd1 $17) 25... Rxe1+ $19 26. Qxe1 Qa4 (26... Bg6 27. Nb4 Qa4 28. Qd1
$19) 27. Qe8+ $4 {shortens the misery for White} (27. Nb4 $142 Bg6 28. Qd1 $19)
27... Nxe8 (27... Nxe8 28. Nb4 a5 29. Bh1 axb4 30. b3 Qxa2 31. Kd1 Qe2+ 32. Kc1
Qc2#) 0-1

[Event "Hokkaido Chess Championship 2025"]
[Site "?"]
[Date "2025.03.22"]
[Round "2.7"]
[White "Furuse, Mizuki"]
[Black "Yajima, Machiko"]
[Result "1-0"]
[WhiteElo "1588"]
[BlackElo "1367"]
[Annotator "Fritz 11 SE (30s)"]
[PlyCount "73"]
[EventDate "2025.03.22"]
[EventRounds "5"]
[EventCountry "JPN"]

{A15: English Opening: 1...Nf6} 1. Nf3 g6 2. g3 Bg7 3. Bg2 Nf6 4. O-O O-O 5. c4
d6 6. d3 h6 $146 {Consolidates g5} (6... Nh5 7. Nc3 f5 8. d4 e5 9. dxe5 dxe5
10. Qxd8 Rxd8 11. e4 c6 12. Bg5 Re8 13. exf5 gxf5 14. Bh3 Be6 15. Rfe1 h6 16.
Be3 Na6 17. Rad1 f4 18. Bxe6+ Rxe6 19. Bc1 fxg3 20. hxg3 Rf8 21. Nh4 {
Andersson,U (2585)-Torre,E (2505) Haifa 1976 1-0 (53)}) (6... e5 7. Bg5 h6 8.
Bxf6 Qxf6 9. Nc3 c6 10. Rb1 (10. e4 Qe7 11. Nh4 Be6 12. Qe1 Bf6 13. Nf3 a6 14.
a4 a5 15. Nd2 Na6 16. f4 exf4 17. gxf4 Nb4 18. Qg3 Bd7 19. Kh1 Kh7 20. Bh3 Bh4
21. Qf3 f5 22. Ne2 Rae8 23. Rad1 d5 24. Nc3 d4 {Christensen,E (2175)-Ziegler,A
(2305) Denmark 1995 0-1 (34)}) 10... Be6 11. Nd2 Qd8 12. Qc2 Nd7 13. b4 a6 14.
a4 Qc7 15. b5 axb5 16. axb5 Ra3 17. Rb3 Rxb3 18. Nxb3 d5 19. cxd5 cxd5 20. Rc1
Rc8 21. Qb1 {Cajbel,M (2242)-Rudolf,M (2369) Warsaw 2013 0-1 (67)}) (6... c6 7.
Nbd2 Qa5 8. a3 Qh5 9. Re1 Bh3 10. Bh1 Nbd7 11. Rb1 Ng4 12. b4 f5 13. b5 e5 14.
Nb3 e4 15. Nfd4 f4 16. Nf3 fxg3 17. fxg3 exf3 18. exf3 Nxh2 19. Kxh2 Bg4+ 20.
Kg1 Bxf3 21. Bxf3 {Rojas Sepulveda,E (2350)-Fernandez,E (2240) Sharjah 1985
0-1 (34)}) 7. Nc3 c6 {Covers b5+d5} 8. Rb1 Be6 9. b4 Nfd7 (9... Na6 10. Be3 $14
) 10. Bd2 $16 b6 (10... Na6 11. Qc1 g5 12. h4 $16) 11. b5 Qc7 12. bxc6 (12. Qc1
$5 h5 13. Bh6 $16) 12... Nxc6 13. Nb5 Qd8 14. Bc3 (14. Be3 $142 $16) 14... f6
$4 {Secures e5} (14... Bxc3 $142 $5 {and Black hangs on} 15. Nxc3 Nf6 $14) 15.
Nfd4 (15. Nh4 $142 {might be the shorter path} a6 16. Nxg6 axb5 17. Bxc6 bxc4
18. Bxa8 Qxa8 19. Nxf8 Kxf8 20. dxc4 Qxa2 21. Ra1 Qxc4 22. Qd2 $18) 15... Nde5
$4 {the final mistake, not that it matters anymore} (15... Nxd4 $142 16. Bxd4
Nc5 $18) 16. Nxe6 Qd7 17. Nxf8 (17. Bd5 {keeps an even firmer grip} Nf7 $18)
17... Rxf8 18. Nd4 (18. d4 $142 $5 {and White can already relax} Nf7 $18) 18...
Nxd4 19. Bxd4 Nf7 (19... f5 {doesn't improve anything} 20. a4 Nc6 21. Be3 $18)
20. Qb3 e5 (20... f5 {cannot undo what has already been done} 21. Be3 $18) 21.
Be3 (21. Bc3 {and White can already relax} f5 $18) 21... g5 (21... f5 {doesn't
do any good} 22. Qb5 Qc7 23. a4 $18) 22. Qb5 Rd8 23. Qxd7 Rxd7 24. a4 a5 (24...
f5 {does not help much} 25. a5 $1 {surprise!} bxa5 26. Rb8+ Kh7 27. Ra1 $18)
25. Rxb6 Kh7 (25... f5 {is no salvation} 26. Bd5 $18) 26. Be4+ Kg8 27. Bf5 Re7
(27... Rd8 {is not the saving move} 28. Rb5 $18) 28. Rb8+ Bf8 29. c5 d5 (29...
dxc5 {a fruitless try to alter the course of the game} 30. Bxc5 Kg7 31. Rc1 $18
) 30. Bg6 (30. Rc1 $142 {finishes off the opponent} d4 31. Bd2 h5 $18) 30... d4
31. Bxf7+ Kxf7 32. Bd2 Rc7 33. Bxa5 Rxc5 34. Rxf8+ $1 {the punch} Kxf8 35. Bb4
Ke8 36. Bxc5 Kd7 (36... e4 {doesn't get the bull off the ice} 37. a5 Kd7 38. a6
exd3 39. exd3 Kc6 40. a7 Kxc5 41. a8=Q g4 42. Rc1+ Kd6 43. Rc6+ Ke7 44. Qb7+
Kf8 45. Rc8#) 37. a5 (37. a5 e4 38. a6 exd3 39. exd3 Kc7 40. a7 Kc6 41. a8=Q+
Kxc5 42. Rc1+ Kd6 43. Rc6+ Ke7 44. Qb7+ Kf8 45. Rc8#) 1-0